000 00433nam a2200145Ia 4500
008 220204s9999 xx 000 0 und d
020 _a9788189487263
082 _a339.9GLO
_bBAG
100 _aBagchi, Amiya Kumar
245 0 _aCapture and exclude: Developing economics and the poor in global finance
260 _aNew Delhi
_bTulika Books
_c2007
650 _aIndian financial structure
700 _aDymski, Gary A
942 _cBK
999 _c42749
_d42749